Chemistry: (Record no. 183379)
[ view plain ]
| 000 -LEADER | |
|---|---|
| fixed length control field | 01447 a2200217 4500 |
| 003 - CONTROL NUMBER IDENTIFIER | |
| control field | Nust |
| 005 - DATE AND TIME OF LATEST TRANSACTION | |
| control field | 20221011132340.0 |
| 010 ## - LIBRARY OF CONGRESS CONTROL NUMBER | |
| LC control number | 73076186 |
| 020 ## - INTERNATIONAL STANDARD BOOK NUMBER | |
| International Standard Book Number | 0721676308 |
| 040 ## - CATALOGING SOURCE | |
| Transcribing agency | Nust |
| 082 00 - DEWEY DECIMAL CLASSIFICATION NUMBER | |
| Classification number | 540,ROC |
| 100 1# - MAIN ENTRY--PERSONAL NAME | |
| Personal name | Rock, Peter A., |
| 9 (RLIN) | 44743 |
| 245 10 - TITLE STATEMENT | |
| Title | Chemistry: |
| Remainder of title | principles and applications / |
| Statement of responsibility, etc. | Peter A. Rock and George A. Gerhold. |
| 260 ## - PUBLICATION, DISTRIBUTION, ETC. | |
| Place of publication, distribution, etc. | Philadelphia, |
| Name of publisher, distributor, etc. | Saunders, |
| Date of publication, distribution, etc. | 1974. |
| 300 ## - PHYSICAL DESCRIPTION | |
| Extent | xvi, 716, 23, x p. |
| Other physical details | illus. |
| Dimensions | 27 cm. |
| 490 0# - SERIES STATEMENT | |
| Series statement | Saunders golden series |
| 505 ## - FORMATTED CONTENTS NOTE | |
| Formatted contents note | The Atom (Page-3), Atomic Spectra and Atomic Structure (Page-19), Molecules (Page-69), Modern Treatments of Chemical Bonding (Page-89), Gases (Page-135), Crystals (Page-165), Stoichiometry and Chemical Reactions (Page-197), Liquids and Solutions (Page-216), Principles of Classical Thermodynamics (Page-230), Phase Equilibria (Page-273), Chemical Equilibrium Principles (Page-298), Chemical Equilibrium Applications to Homogeneous Equilibria (Page-328), Chemical Equilibrium Part III Applications to Heterogeneous Equilibria (Page-369), Electrochemistry (Page-402), The Reaction Rate Law (Page-446) Chemical Kinetics (Page-479), The A Group Metals (Page-516), The Metalloids (Page-534), The Non Metals (Page-552), Coordination Chemistry of the Transition Metals (Page-593), Organic Chemistry (Page-654), Biochemistry (Page-685), Nuclear Chemistry (Page-705). |
| 650 #0 - SUBJECT ADDED ENTRY--TOPICAL TERM | |
| Topical term or geographic name entry element | Chemistry. |
| 700 1# - ADDED ENTRY--PERSONAL NAME | |
| Personal name | Gerhold, George A., |
| 9 (RLIN) | 99896 |
| 942 ## - ADDED ENTRY ELEMENTS (KOHA) | |
| Source of classification or shelving scheme | |
| Koha item type | Book |
| Withdrawn status | Lost status | Source of classification or shelving scheme | Damaged status | Not for loan | Permanent Location | Current Location | Shelving location | Date acquired | Full call number | Barcode | Date last seen | Price effective from | Koha item type | Public note |
|---|---|---|---|---|---|---|---|---|---|---|---|---|---|---|
| Military College of Signals (MCS) | Military College of Signals (MCS) | General Stacks | 12/12/2016 | 540,ROC | MCS6586 | 12/08/2016 | 12/12/2016 | Book | Almirah No.25, Shelf No.2 |
